CLICK THE COUNTRY-Southwest Asia - Statistics

General Stats
  • This quiz has been taken 98 times
  • The average score is 16 of 22
Answers on the Map
Answers color-coded by a green-red scale on the quiz's map according to % correct below.
 
Answer Stats
Answer % Correct
Afganistan
87%
Armenia
82%
Azerbaijan
82%
Iraq
82%
Israel
82%
Saudi Arabia
82%
Oman
79%
UAE
79%
Iran
77%
Pakistan
77%
Syria
77%
Turkey
77%
Yemen
77%
Qatar
74%
Bahrain
72%
Jordan
72%
Kuwait
72%
Lebanon
69%
Kyrgyzstan
64%
Tajikistan
59%
Uzbekistan
59%
Turkmenistan
56%
No matching quizzes found
Score Distribution
Percent of People with Each Score
Percentile by Number Answered
Your Score History
You have not taken this quiz